01651cam a22003975a 45000010009000000050017000090080041000260100017000670150019000840160018001030200025001210200022001460350024001680400087001920820024002791000031003032450081003342460053004152500012004682600039004803000035005194900030005545000164005845000074007485000024008226500061008466500056009076510010009636530024009736550024009977000033010217000029010549420008010839990017010919520145011081782993220161001111515.0130729t2014 nyua fr 001 0 eng d a 2013946497 aGBB3865512bnb7 a0165029472Uk a9780071831451 (pbk.) a0071831452 (pbk.) a(OCoLC)ocn859180876 aUKMGBbengcUKMGBdOCLCOdYDXCPdBTCTAdIJ5dNKMdUINdOCLCOdOCLCFdDLCdEG-ScBUE04a620.106076bGIL2221 aGiles, Ranald V.‏94129410aFluid mechanics and hydraulics /cRanald V. Giles, Jack B. Evett, Cheng Liu.33aSchaum's outlines fluid mechanics and hydraulics a4th ed. aNew York : bMcGraw-Hill,cc.2014. axiii, 362 p. ;bill. ;c28 cm.0 aSchaum’s outline series aPrevious edition: published as Schaum's outline of fluid mechanics and hydraulics by Ranald V. Giles, Jack B. Evett and Cheng Liu. New York: McGraw-Hill, 2004. a"Ranald V. Giles... was the author of the first and second editions." aIndex : p. 359-362. 7aFluid mechanicsvProblems, exercises, etc.2BUEsh932756 7aHydraulicsvProblems, exercises, etc.2BUEsh941295 2BUEsh bENGELCcOctober2016 vReading book9342321 aEvett, Jack B.,d1942-953471 aLiu, Cheng,d1937-95330 2ddc c22437d22409 00102ddc40708BaccahaMAINbMAINc1STd2016-10-01ePurchaseg240.00l2m5o620.106076 GILp000033780r2025-07-15 00:00:00s2023-03-05yBB